000 01176nam0a2200337 4500
001 RU\NLR\BIBL_A\022692723
005 20260331155504.0
010 _a978-5-389-28613-9
_94000
021 _aRU
_bКН-П-25-066168
_9КН-П-25-6405
035 _a(NLR Aleph) 022692723
090 _a13646896
_c13646896
100 _a20251222d2025 u y0rusy50 ca
101 1 _arus
_ceng
102 _aRU
105 _ay z 000ay
181 0 _ai4
_baxxe
182 0 _an
200 1 _aИстория с продолжением
_eроман
_fПатти Каллахан Генри
_gперевод с английского Александра Яковлева
203 _aТекст
_bвизуальный
_cнепосредственный
210 _aСанкт-Петербург
_cАзбука
_d2025
215 _a477, [1] с.
_d22
225 1 _aThe Big Book
333 _a16+
686 1 _aШ6(7США)67-440.4{Лх1979-50}
700 1 _aГенри
_bП. К.
_gПатти Каллахан
_3RU\NLR\AUTH\770291751
942 _cBOOK
980 _aNB
996 _aметка
_bnar